| 000 | 00945cam a22002895a 4500 | ||
|---|---|---|---|
| 001 | 016282414 | ||
| 003 | OSt | ||
| 005 | 20201128021425.0 | ||
| 008 | 130121r20132012at a frb 001 0 eng d | ||
| 020 | _a9780195578607 (pbk.) | ||
| 040 |
_aStEdALDL _beng _cStEdALDL _dUk _dEG-ScBUE _dEG-ScBUE |
||
| 082 | 0 | 4 |
_a659.2 _bCHI _222 |
| 100 | 1 |
_aChia, Joy. _939159 |
|
| 245 | 1 | 3 |
_aAn introduction to public relations and communication management / _cJoy Chia and Gae Synnott. |
| 250 | _a2nd ed., Reprinted ed. | ||
| 260 |
_aVictoria : _bOxford University Press, _c2013. |
||
| 300 |
_axxi, 434 p. : _bill. ; _c25 cm. |
||
| 500 | _aIndex : p. 424-434. | ||
| 500 | _aIncludes appendix. | ||
| 504 | _aIncludes bibliographical references. | ||
| 650 | 7 |
_aPublic relations. _2BUEsh _911586 |
|
| 650 | 7 |
_aCommunication in management. _2BUEsh _91166 |
|
| 651 | _2BUEsh | ||
| 653 |
_bCOMAME _cJuly2015 _cJanuary2016 |
||
| 700 | 1 | _aSynnott, Gae. | |
| 942 | _2ddc | ||
| 999 |
_c20306 _d20278 |
||